<?xml version="1.0" encoding="UTF-8"?><?xml-stylesheet type="text/xsl" href="static/style.xsl"?><OAI-PMH xmlns="http://www.openarchives.org/OAI/2.0/" xmlns:xsi="http://www.w3.org/2001/XMLSchema-instance" xsi:schemaLocation="http://www.openarchives.org/OAI/2.0/ http://www.openarchives.org/OAI/2.0/OAI-PMH.xsd"><responseDate>2026-04-13T18:20:46Z</responseDate><request verb="GetRecord" identifier="oai:www.recercat.cat:11351/12033" metadataPrefix="marc">https://recercat.cat/oai/request</request><GetRecord><record><header><identifier>oai:recercat.cat:11351/12033</identifier><datestamp>2024-10-31T15:18:29Z</datestamp><setSpec>com_2072_378070</setSpec><setSpec>com_2072_378040</setSpec><setSpec>col_2072_378092</setSpec></header><metadata><record xmlns="http://www.loc.gov/MARC21/slim" xmlns:dcterms="http://purl.org/dc/terms/" xmlns:xsi="http://www.w3.org/2001/XMLSchema-instance" xmlns:doc="http://www.lyncode.com/xoai" xsi:schemaLocation="http://www.loc.gov/MARC21/slim http://www.loc.gov/standards/marcxml/schema/MARC21slim.xsd">
   <leader>00925njm 22002777a 4500</leader>
   <datafield ind2=" " ind1=" " tag="042">
      <subfield code="a">dc</subfield>
   </datafield>
   <datafield ind2=" " ind1=" " tag="720">
      <subfield code="a">Smeijer, David</subfield>
      <subfield code="e">author</subfield>
   </datafield>
   <datafield ind2=" " ind1=" " tag="720">
      <subfield code="a">Wasehuus, Victor</subfield>
      <subfield code="e">author</subfield>
   </datafield>
   <datafield ind2=" " ind1=" " tag="720">
      <subfield code="a">Dhaun, Neeraj</subfield>
      <subfield code="e">author</subfield>
   </datafield>
   <datafield ind2=" " ind1=" " tag="720">
      <subfield code="a">Åstrand, Magnus</subfield>
      <subfield code="e">author</subfield>
   </datafield>
   <datafield ind2=" " ind1=" " tag="720">
      <subfield code="a">Gorriz, Jose Luis</subfield>
      <subfield code="e">author</subfield>
   </datafield>
   <datafield ind2=" " ind1=" " tag="720">
      <subfield code="a">Soler, María José</subfield>
      <subfield code="e">author</subfield>
   </datafield>
   <datafield ind2=" " ind1=" " tag="260">
      <subfield code="c">2024-10-08T07:23:37Z</subfield>
   </datafield>
   <datafield ind2=" " ind1=" " tag="260">
      <subfield code="c">2024-10-08T07:23:37Z</subfield>
   </datafield>
   <datafield ind2=" " ind1=" " tag="260">
      <subfield code="c">2024-10</subfield>
   </datafield>
   <datafield ind2=" " ind1=" " tag="520">
      <subfield code="a">Zibottentan; Retenció de líquids; Malaltia renal crònica</subfield>
   </datafield>
   <datafield ind2=" " ind1=" " tag="520">
      <subfield code="a">Zibotentan; Retención de líquidos; Enfermedad renal crónica</subfield>
   </datafield>
   <datafield ind2=" " ind1=" " tag="520">
      <subfield code="a">Zibotentan; Fluid retention; Chronic kidney disease</subfield>
   </datafield>
   <datafield ind2=" " ind1=" " tag="520">
      <subfield code="a">Background &#xd;
Endothelin receptor antagonists (ERAs) reduce albuminuria but are limited by fluid retention risk, particularly in patients with CKD. Combining ERAs with sodium-glucose cotransporter 2 (SGLT2) inhibitors, which have diuretic effects, offers a promising strategy to mitigate fluid retention. In this post hoc analysis of the Zibotentan and Dapagliflozin for the Treatment of CKD (ZENITH-CKD) trial, we assessed fluid dynamics in patients with CKD treated with the ERA zibotentan alone and in combination with the SGLT2 inhibitor dapagliflozin.&#xd;
Methods &#xd;
In the ZENITH-CKD trial, 508 patients with CKD (eGFR ≥20 ml/min per 1.73 m2 and a urinary albumin-creatinine ratio of 150–5000 mg/g) were randomized to treatment with placebo, dapagliflozin 10 mg plus placebo, zibotentan (0.25, 1.5, or 5 mg) plus dapagliflozin 10 mg, and zibotentan 5 mg plus placebo. We evaluated correlations between changes in fluid retention markers and bioimpedance-measured extracellular fluid in response to zibotentan treatment. We used Cox proportional hazards regression to assess the association between zibotentan/dapagliflozin treatment, baseline characteristics, and fluid retention and the relationship between zibotentan plasma exposure and fluid retention.&#xd;
Results &#xd;
After 3 weeks of treatment with zibotentan 0.25, 1.5, or 5 mg plus dapagliflozin 10 mg, changes in body weight (β=0.36 [95% confidence interval (CI), 0.26 to 0.45]) per kg, B-type natriuretic peptide (β=0.38 [95% CI, 0.22 to 0.54]) per doubling, and hemoglobin (β=−0.29 [95% CI, −0.48 to −0.10]) per g/dl were independently associated with changes in extracellular fluid. Higher doses of zibotentan were associated with significantly higher risk of fluid retention compared with dapagliflozin alone (zibotentan 5 mg hazard ratio (HR) 8.50 [95% CI, 3.40 to 21.30]). The HR attenuated when zibotentan was combined with dapagliflozin (zibotentan/dapagliflozin 5/10 mg HR 3.09 [95% CI, 1.08 to 8.80], zibotentan/dapagliflozin 1.5/10 mg 2.70 [95% CI, 1.44 to 5.07], and zibotentan/dapagliflozin 0.25/10 mg HR 1.21 [95% CI, 0.50 to 2.91]). The risk of fluid retention was higher with higher zibotentan exposure and lower eGFR.&#xd;
Conclusions &#xd;
High doses of zibotentan were associated with a higher risk of fluid retention, which was attenuated with lower doses and the addition of dapagliflozin.&#xd;
Clinical Trial registry name and registration number: &#xd;
ZENITH-CKD Trial, NCT04724837.</subfield>
   </datafield>
   <datafield ind2=" " ind1=" " tag="520">
      <subfield code="a">This work was supported by AstraZeneca.</subfield>
   </datafield>
   <datafield ind1="8" ind2=" " tag="024">
      <subfield code="a">http://hdl.handle.net/11351/12033</subfield>
   </datafield>
   <datafield tag="653" ind2=" " ind1=" ">
      <subfield code="a">Insuficiència renal crònica - Tractament</subfield>
   </datafield>
   <datafield tag="653" ind2=" " ind1=" ">
      <subfield code="a">Medicaments - Efectes fisiològics</subfield>
   </datafield>
   <datafield tag="653" ind2=" " ind1=" ">
      <subfield code="a">Vasodilatadors - Administració</subfield>
   </datafield>
   <datafield tag="653" ind2=" " ind1=" ">
      <subfield code="a">DISEASES::Male Urogenital Diseases::Urologic Diseases::Kidney Diseases::Renal Insufficiency::Renal Insufficiency, Chronic</subfield>
   </datafield>
   <datafield tag="653" ind2=" " ind1=" ">
      <subfield code="a">Other subheadings::Other subheadings::Other subheadings::/drug therapy</subfield>
   </datafield>
   <datafield tag="653" ind2=" " ind1=" ">
      <subfield code="a">ANALYTICAL, DIAGNOSTIC AND THERAPEUTIC TECHNIQUES, AND EQUIPMENT::Therapeutics::Drug Therapy::Drug Therapy, Combination</subfield>
   </datafield>
   <datafield tag="653" ind2=" " ind1=" ">
      <subfield code="a">CHEMICALS AND DRUGS::Chemical Actions and Uses::Pharmacologic Actions::Molecular Mechanisms of Pharmacological Action::Endothelin Receptor Antagonists::Endothelin A Receptor Antagonists</subfield>
   </datafield>
   <datafield tag="653" ind2=" " ind1=" ">
      <subfield code="a">Other subheadings::Other subheadings::/therapeutic use</subfield>
   </datafield>
   <datafield tag="653" ind2=" " ind1=" ">
      <subfield code="a">ENFERMEDADES::enfermedades urogenitales masculinas::enfermedades urológicas::enfermedades renales::insuficiencia renal::insuficiencia renal crónica</subfield>
   </datafield>
   <datafield tag="653" ind2=" " ind1=" ">
      <subfield code="a">Otros calificadores::Otros calificadores::Otros calificadores::/farmacoterapia</subfield>
   </datafield>
   <datafield tag="653" ind2=" " ind1=" ">
      <subfield code="a">TÉCNICAS Y EQUIPOS ANALÍTICOS, DIAGNÓSTICOS Y TERAPÉUTICOS::terapéutica::farmacoterapia::farmacoterapia combinada</subfield>
   </datafield>
   <datafield tag="653" ind2=" " ind1=" ">
      <subfield code="a">COMPUESTOS QUÍMICOS Y DROGAS::acciones y usos químicos::acciones farmacológicas::mecanismos moleculares de acción farmacológica::antagonistas de receptores de endotelina::antagonistas de receptores de endotelina A</subfield>
   </datafield>
   <datafield tag="653" ind2=" " ind1=" ">
      <subfield code="a">Otros calificadores::Otros calificadores::/uso terapéutico</subfield>
   </datafield>
   <datafield ind2="0" ind1="0" tag="245">
      <subfield code="a">Effects of Zibotentan Alone and in Combination with Dapagliflozin on Fluid Retention in Patients with CKD</subfield>
   </datafield>
</record></metadata></record></GetRecord></OAI-PMH>